000 00844nam a2200229Ia 4500
003 OSt
005 20220918110729.0
006 a|||||r|||| 00| 0
007 ta
008 220915b |||||||| |||| 00| 0 hin d
024 _a237040
037 _cReference Collections
040 _aARTS
_cARTS
_bhin
041 _2hin
_ahin
082 _aO152,3N01x, P3.1-.2(RR)
100 _aशर्मा, पाण्डेय बेचन, ‘उग्र’
_99242
245 0 _aश्रेष्ठ रचनाएॅं
246 _aShreṣhṭha rachanāeॅan
260 _aदिल्ली
_bआत्माराम एण्ड संस
_c2003
942 _hO152,3N01x, P3.1-.2(RR)
_cREF
999 _c114307
_d114307